[Event "Bosnjaci op 28th"]
[Site "Bosnjaci"]
[Date "2024.01.06"]
[Round "6"]
[White "Biti, Ozren"]
[Black "Alfirevic, Duje"]
[Result "1-0"]
[WhiteElo "2308"]
[BlackElo "2000"]
[PlyCount "79"]
[EventDate "2024.01.03"]
[EventType "swiss"]
[EventRounds "9"]
[EventCountry "CRO"]
[SourceTitle "CB02_2024"]
[SourceDate "2024.01.10"]
[SourceVersion "1"]
[SourceVersionDate "2024.01.10"]
[SourceQuality "1"]

1. e4 e5 2. Nf3 Nc6 3. Bc4 Nf6 4. d4 exd4 5. Ng5 d5 6. exd5 Qe7+ 7. Kf1 Ne5 8. Qxd4 h6 9. Ne4 Nxc4 10. Nxf6+ Qxf6 11. Qxc4 Bd6 12. Nc3 0-0 13. Ne4 Qg6 14. h4 Bf5 15. h5 Qh7 16. Nxd6 cxd6 17. Qd4 Bxc2 18. Kg1 Qe4 19. Rh4 Qe1+ 20. Kh2 Qe5+ 21. Qxe5 dxe5 22. Be3 Rfd8 23. Rc1 Rac8 24. Bxa7 Rxd5 25. Be3 Rc6 26. Rb4 Rd7 27. Rb5 f6 28. Ra5 Kf7 29. b4 Be4 30. Rxc6 Bxc6 31. b5 Bd5 32. a4 Rd8 33. Ra7 Ke6 34. a5 Rd7 35. Ra8 Bc4 36. a6 bxa6 37. bxa6 Bd5 38. Rc8 Ke7 39. Bc5+ Kf7 40. a7 1-0

[Event "EU-ch 23rd"]
[Site "Vrnjacka Banja"]
[Date "2023.03.06"]
[Round "4"]
[White "Alfirevic, Duje"]
[Black "Aleksic, Milan"]
[Result "1/2-1/2"]
[WhiteElo "1924"]
[BlackElo "2202"]
[PlyCount "83"]
[EventDate "2023.03.03"]
[EventType "swiss"]
[EventRounds "11"]
[EventCountry "SRB"]
[SourceTitle "CBM 213"]
[Source "ChessBase"]
[SourceDate "2023.04.30"]
[SourceVersion "1"]
[SourceVersionDate "2023.04.30"]
[SourceQuality "1"]

1. e4 c5 2. Nf3 Nc6 3. Bb5 g6 4. 0-0 Bg7 5. c3 Nf6 6. Re1 0-0 7. d4 d5 8. e5 Ne4 9. Bxc6 bxc6 10. Be3 cxd4 11. cxd4 f6 12. exf6 exf6 13. Nbd2 Re8 14. Rc1 Bd7 15. Qc2 Rc8 16. Nxe4 dxe4 17. Nd2 f5 18. Nb3 Be6 19. Nc5 Bd5 20. Qd2 Bf6 21. Bf4 g5 22. Be5 Rxe5 23. dxe5 Bxe5 24. Rcd1 Qe7 25. b4 Kh8 26. f3 exf3 27. Qe3 Re8 28. Qf2 fxg2 29. Nd3 Be4 30. Nxe5 Qxe5 31. Qxa7 Re7 32. Qd4 Qxd4+ 33. Rxd4 Ra7 34. Rdxe4 fxe4 35. Re2 Kg7 36. Kxg2 Kf6 37. Rxe4 Rxa2+ 38. Kg3 Ra3+ 39. Kg2 Rc3 40. Re8 h5 41. Rc8 Rc4 42. Rb8 1/2-1/2

[Event "CRO-ch U19"]
[Site "Vinkovci"]
[Date "2020.08.01"]
[Round "7"]
[White "Alfirevic, Duje"]
[Black "Baric, Marko"]
[Result "0-1"]
[WhiteElo "2011"]
[BlackElo "1831"]
[PlyCount "88"]
[EventDate "2020.07.28"]
[EventType "swiss"]
[EventRounds "9"]
[EventCountry "CRO"]
[SourceTitle "EXT 2021"]
[Source "ChessBase"]
[SourceDate "2020.10.23"]
[SourceVersion "1"]
[SourceVersionDate "2020.10.23"]
[SourceQuality "1"]

1. e4 c5 2. Nf3 Nc6 3. d4 cxd4 4. Nxd4 g6 5. Nc3 Bg7 6. Be3 Nf6 7. Bc4 0-0 8. Bb3 d6 9. f3 Bd7 10. Qd2 Nxd4 11. Bxd4 b5 12. h4 a5 13. h5 e5 14. Be3 a4 15. Bd5 Nxd5 16. Nxd5 Be6 17. Bh6 Bxd5 18. Bxg7 Kxg7 19. hxg6 hxg6 20. Qxd5 Qg5 21. Qd2 Qg3+ 22. Qf2 Qxf2+ 23. Kxf2 Rac8 24. Rac1 Rc5 25. a3 d5 26. exd5 Rxd5 27. Rhd1 Rfd8 28. Rxd5 Rxd5 29. Ke2 f5 30. b3 axb3 31. cxb3 Kf6 32. a4 bxa4 33. bxa4 Kg5 34. g3 e4 35. fxe4 fxe4 36. Ke3 Kf5 37. Rc3 Ra5 38. Ra3 Ke5 39. g4 Ra7 40. a5 Rh7 41. Kf2 Kf4 42. Rg3 Rh2+ 43. Rg2 e3+ 44. Kg1 e2 0-1

[Event "CRO-chT U20 29th"]
[Site "Cakovec"]
[Date "2020.07.18"]
[Round "10.1"]
[White "Alfirevic, Duje"]
[Black "Haidinger, Erik"]
[Result "1-0"]
[WhiteElo "1994"]
[BlackElo "1767"]
[PlyCount "85"]
[EventDate "2020.07.14"]
[EventType "team-tourn"]
[EventRounds "11"]
[EventCountry "CRO"]
[SourceTitle "CBM 197 Extra"]
[Source "ChessBase"]
[SourceDate "2020.09.30"]
[SourceVersion "1"]
[SourceVersionDate "2020.09.30"]
[SourceQuality "1"]
[WhiteTeam "Sesvete Agroproteinka U20"]
[BlackTeam "Crikvenica U20"]
[WhiteTeamCountry "CRO"]
[BlackTeamCountry "CRO"]

1. e4 c5 2. Nf3 d6 3. d4 cxd4 4. Nxd4 Nf6 5. Nc3 g6 6. Be3 Bg7 7. f3 0-0 8. Qd2 Nc6 9. Bc4 Bd7 10. 0-0-0 Rc8 11. Bb3 Ne5 12. h4 h5 13. g4 b5 14. Bh6 Nc4 15. Bxc4 Rxc4 16. Bxg7 Kxg7 17. gxh5 Nxh5 18. Rhg1 Rc5 19. f4 f5 20. Nxf5+ Bxf5 21. Qd4+ Kh7 22. Qxc5 dxc5 23. Rxd8 Rxd8 24. exf5 gxf5 25. Rg5 Nxf4 26. Rxf5 Ng6 27. Nxb5 a6 28. Nc3 Rc8 29. h5 Nh8 30. Re5 Kh6 31. Rxe7 Kxh5 32. Re6 Kg5 33. Rxa6 Kf5 34. Ra5 Ke6 35. b3 Nf7 36. Kb2 Nd6 37. Ra6 Ke5 38. a4 Rb8 39. Rc6 c4 40. Rc5+ Ke6 41. Nb5 Nxb5 42. Rxb5 Rc8 43. b4 1-0

[Event "CRO-chT U20 29th"]
[Site "Cakovec"]
[Date "2020.07.16"]
[Round "6.3"]
[White "Alfirevic, Duje"]
[Black "Jambresic, Filip"]
[Result "1/2-1/2"]
[WhiteElo "1994"]
[BlackElo "2082"]
[PlyCount "64"]
[EventDate "2020.07.14"]
[EventType "team-tourn"]
[EventRounds "11"]
[EventCountry "CRO"]
[SourceTitle "CBM 197 Extra"]
[Source "ChessBase"]
[SourceDate "2020.09.30"]
[SourceVersion "1"]
[SourceVersionDate "2020.09.30"]
[SourceQuality "1"]
[WhiteTeam "Sesvete Agroproteinka U20"]
[BlackTeam "Sveta Nedelja U20"]
[WhiteTeamCountry "CRO"]
[BlackTeamCountry "CRO"]

1. e4 c5 2. Nf3 e6 3. d4 cxd4 4. Nxd4 a6 5. Bd3 Nc6 6. Nxc6 bxc6 7. Nc3 Qc7 8. 0-0 d5 9. Re1 d4 10. Ne2 c5 11. Bc4 Nf6 12. Ng3 Bd6 13. Qf3 Bb7 14. Nh5 Bxh2+ 15. Kh1 Nxh5 16. Qxh5 Bd6 17. e5 Be7 18. Qg4 g6 19. Bh6 Bf8 20. Bg5 Bg7 21. Qh4 0-0 22. Bf6 Bd5 23. Bxd5 exd5 24. g4 h6 25. Kg2 Bxf6 26. Qxf6 Qd8 27. Rh1 Qxf6 28. exf6 Kh7 29. f4 Rh8 30. Rxh6+ Kg8 31. Rxh8+ Kxh8 32. Re1 Rd8 1/2-1/2

[Event "Hum na Sutli op 13th"]
[Site "Hum na Sutli"]
[Date "2019.08.28"]
[Round "6"]
[White "Pandurevic, Miro"]
[Black "Alfirevic, Duje"]
[Result "1/2-1/2"]
[WhiteElo "2177"]
[BlackElo "1800"]
[PlyCount "94"]
[EventDate "2019.08.24"]
[EventType "swiss"]
[EventRounds "9"]
[EventCountry "CRO"]
[SourceTitle "EXT 2020"]
[Source "ChessBase"]
[SourceDate "2019.10.17"]
[SourceVersion "1"]
[SourceVersionDate "2019.10.17"]
[SourceQuality "1"]

1. e4 e5 2. Nf3 Nc6 3. d4 exd4 4. Nxd4 Bc5 5. Be3 Qf6 6. c3 Nge7 7. Qd2 d6 8. Nb5 0-0 9. Nxc7 Rb8 10. f3 Bxe3 11. Qxe3 Bd7 12. Na3 Rfc8 13. Ncb5 a6 14. Nd4 d5 15. Bd3 b5 16. Nxc6 Nxc6 17. exd5 Ne5 18. 0-0 b4 19. cxb4 Rxb4 20. Bxa6 Re8 21. Rf2 Qxa6 22. Rd2 Rb6 23. Qd4 Rg6 24. Kh1 Qb6 25. Re1 Qxd4 26. Rxd4 f5 27. Rd2 Nf7 28. Rc1 Ra6 29. Kg1 Ra7 30. Kf2 Nd6 31. Kg3 g5 32. Rdc2 Rb8 33. h4 h6 34. hxg5 hxg5 35. Rc7 Rbb7 36. Rxb7 Rxb7 37. Rc2 Kf7 38. b3 f4+ 39. Kf2 Kf6 40. g3 Ke5 41. gxf4+ gxf4 42. Nc4+ Nxc4 43. Rxc4 Bf5 44. d6 Rd7 45. Rc5+ Ke6 46. Rc4 Ke5 47. Rc5+ Ke6 1/2-1/2

[Event "Zagreb Damjanovic Memorial 2nd"]
[Site "Zagreb"]
[Date "2018.07.20"]
[Round "5"]
[White "Alfirevic, Duje"]
[Black "Horvat, Damjan"]
[Result "1-0"]
[WhiteElo "1643"]
[BlackElo "2068"]
[PlyCount "35"]
[EventDate "2018.07.16"]
[EventType "swiss"]
[EventRounds "9"]
[EventCountry "CRO"]
[SourceTitle "EXT 2019"]
[Source "ChessBase"]
[SourceDate "2018.10.10"]
[SourceVersion "1"]
[SourceVersionDate "2018.10.10"]
[SourceQuality "1"]

1. e4 c5 2. Nf3 d6 3. d4 cxd4 4. Qxd4 a6 5. c4 Nc6 6. Qe3 Nf6 7. Be2 g6 8. 0-0 Bg7 9. Rd1 0-0 10. h3 Nd7 11. Nc3 b6 12. Rb1 Bb7 13. b4 Rc8 14. Nd5 e6 15. Nf4 e5 16. Nd5 f5 17. Bb2 fxe4 18. Nd2 1-0

[Event "CRO-ch U15"]
[Site "Trogir"]
[Date "2017.06.19"]
[Round "5"]
[White "Alfirevic, Duje"]
[Black "Smetisko, Josip"]
[Result "0-1"]
[WhiteElo "1690"]
[BlackElo "1913"]
[PlyCount "77"]
[EventDate "2017.06.17"]
[EventType "swiss"]
[EventRounds "9"]
[EventCountry "CRO"]
[SourceTitle "CBM 179 Extra"]
[Source "ChessBase"]
[SourceDate "2017.08.23"]
[SourceVersion "1"]
[SourceVersionDate "2017.08.23"]
[SourceQuality "1"]

1. c4 Nf6 2. Nf3 g6 3. g3 Bg7 4. Nc3 b6 5. Bg2 Bb7 6. 0-0 c5 7. d4 cxd4 8. Qxd4 0-0 9. Qh4 d6 10. Bh6 Nbd7 11. Bxg7 Kxg7 12. Rfd1 Rc8 13. b3 Nc5 14. Nb5 a6 15. Nbd4 h6 16. Nc2 Ne6 17. Nfd4 Bxg2 18. Nxe6+ fxe6 19. Kxg2 e5 20. Qh3 b5 21. Ne3 Qb6 22. Qh4 Rf7 23. Rf1 Rcf8 24. Rad1 g5 25. Qh3 Ne4 26. Ng4 h5 27. f3 hxg4 28. Qxg4 Nf6 29. Qxg5+ Kh8 30. Qh6+ Kg8 31. cxb5 axb5 32. Rc1 Rh7 33. Qg6+ Rg7 34. Qd3 e6 35. e4 d5 36. Qc3 d4 37. Qc6 Rb7 38. Qxb6 Rxb6 39. Rc7 0-1

[Event "CRO-ch U15"]
[Site "Trogir"]
[Date "2017.06.18"]
[Round "3"]
[White "Kolic, Mario"]
[Black "Alfirevic, Duje"]
[Result "1/2-1/2"]
[WhiteElo "1141"]
[BlackElo "1690"]
[PlyCount "49"]
[EventDate "2017.06.17"]
[EventType "swiss"]
[EventRounds "9"]
[EventCountry "CRO"]
[SourceTitle "CBM 179 Extra"]
[Source "ChessBase"]
[SourceDate "2017.08.23"]
[SourceVersion "1"]
[SourceVersionDate "2017.08.23"]
[SourceQuality "1"]

1. d4 d5 2. c4 c6 3. Nc3 e5 4. cxd5 cxd5 5. dxe5 d4 6. Ne4 Qa5+ 7. Nd2 Nc6 8. Ngf3 Bf5 9. Nh4 Be4 10. a3 Rc8 11. e3 Nb4 12. Qg4 Nc2+ 13. Kd1 Qc7 14. Qxe4 Nxa1 15. Qb1 Qc2+ 16. Qxc2 Nxc2 17. Bd3 dxe3 18. Bxc2 exd2 19. Bxd2 Ne7 20. Nf5 Nxf5 21. Bxf5 Rd8 22. Ke2 Bc5 23. Rc1 Bb6 24. Bb4 g6 25. Be4 1/2-1/2

[Event "CRO-ch U15"]
[Site "Trogir"]
[Date "2016.06.25"]
[Round "8"]
[White "Mican, Mato"]
[Black "Alfirevic, Duje"]
[Result "1-0"]
[WhiteElo "1967"]
[BlackElo "1450"]
[PlyCount "93"]
[EventDate "2016.06.21"]
[EventType "swiss"]
[EventRounds "9"]
[EventCountry "CRO"]
[SourceTitle "EXT 2017"]
[Source "ChessBase"]
[SourceDate "2016.10.25"]
[SourceVersion "1"]
[SourceVersionDate "2016.10.25"]
[SourceQuality "1"]

1. e4 e5 2. Nf3 Nc6 3. Bc4 Be7 4. d4 exd4 5. c3 dxc3 6. Qd5 Nh6 7. Bxh6 0-0 8. Bxg7 Kxg7 9. Nxc3 d6 10. Qh5 f5 11. 0-0 Qe8 12. Qxe8 Rxe8 13. Nd5 Bd8 14. exf5 Bxf5 15. Rfe1 Re4 16. Rxe4 Bxe4 17. Nd2 Bxd5 18. Bxd5 Bf6 19. Bxc6 bxc6 20. Rb1 Re8 21. Kf1 Re5 22. b3 Ra5 23. a4 Rd5 24. Ne4 Rh5 25. h3 Rf5 26. Nxf6 Kxf6 27. Rc1 c5 28. Ke2 Ke5 29. Ke3 Rf4 30. Rc4 Rxc4 31. bxc4 c6 32. f4+ Ke6 33. g4 d5 34. Kd3 d4 35. Ke4 Kf7 36. h4 Kf6 37. g5+ Kf7 38. f5 Kg7 39. h5 Kf7 40. h6 Kf8 41. g6 hxg6 42. fxg6 Kg8 43. Kf5 d3 44. Kf6 d2 45. h7+ Kh8 46. Kf7 d1Q 47. g7+ 1-0